000 00355nam a2200145 a 4500
008 970214s1965||||xx 0 und c
040 _aSNK
_bslo
_cSNK
_eAACR2
100 1 _aToeplitz, Krzysztof Teodor
245 1 0 _aChaplinovo království
260 _aPraha
_bMladá fronta
_c1965
300 _a348 s.
020 _c19,50
041 _aces
044 _aCZ
999 _c14908
_d14908